Statistics for Chinese Cities by Picture

Click here to take the quiz!

General Stats

  • This quiz has been taken 96 times
  • The average score is 12 of 20

Answer Stats

Answer% Correct
Shanghai
99%
Guangzhou
89%
Beijing
86%
Lhasa
77%
Tianjin
77%
Xi'an
77%
Wuhan
72%
Harbin
70%
Chongqing
65%
Hong Kong
62%
Shenzhen
60%
Sanya
54%
Suzhou
52%
Macau
49%
Qingdao
47%
Chengdu
43%
Urumqi
42%
Nanjing
40%
Xiamen
37%
Zhengzhou
32%

Score Distribution

Percentile by Number Answered

Percent of People with Each Score

Your Score History

You have not taken this quiz